Morphology: The descriptive analysic of words

Đã lưu trong:
Sonraí Bibleagrafaíochta
Príomhúdar: Eugene A Nida
Formáid: Leabhar
Teanga:Undetermined
Foilsithe: Ann Arbor The Univ. of Michigan 1949
Ábhair:
Clibeanna: Cuir Clib Leis
Gan Chlibeanna, Bí ar an gcéad duine leis an taifead seo a chlibeáil!
Thư viện lưu trữ: Trung tâm Học liệu Trường Đại học Cần Thơ
LEADER 00504nam a2200181Ia 4500
001 CTU_273
008 210402s9999 xx 000 0 und d
082 |a 425 
082 |b N664 
100 |a Eugene A Nida 
245 0 |a Morphology: The descriptive analysic of words 
245 0 |c Eugene A Nida 
260 |a Ann Arbor 
260 |b The Univ. of Michigan 
260 |c 1949 
650 |a english language - morphology 
904 |i Minh,960720 
980 |a Trung tâm Học liệu Trường Đại học Cần Thơ